• 首页
  • 本馆介绍
  • 公告通知
  • 最新文献
  • 馆藏检索
  • 电子资源
  • 读者导购
  • 参考咨询
  • 我的图书馆
  • 登录
  • 详细信息显示
  • 放入我的书架
  • 预约/预借图书
  • 作者相关作品
  • 分类相关作品
  • 丛书相关作品
  • 出版社相关作品

书目信息

  • 表格格式
  • 工作单格式
  • 卡片格式
题名:
海战事典
    
 
作者: 马静 著 ;董旻杰 主编 ;指文号角工作室 , 中国海军史研究会 主编
分册: 007   德意法西斯航母
出版信息: 北京   台海出版社  2017.03
页数: 205页
开本: 23cm
丛书名: 指文MOOK系列
单 册:
中图分类: E19-49
科图分类:
主题词: 海战--hai zhan--战争史--世界--通俗读物
电子资源:
ISBN: 978-7-5168-1293-8
000 01176nam 2200301 450
001 CAL 0120172136022
005 20230301150014.20
010    @a978-7-5168-1293-8@dCNY69.8
100    @a20170418d2017 em y0chiy0120 ea
101 0  @achi
102    @aCN@b110000
105    @aa z 000yy
106    @ar
200 1  @a海战事典@Ahai zhan shi dian@h007@i德意法西斯航母@f著马静@g主编董旻杰, 指文号角工作室, 中国海军史研究会
210    @a北京@c台海出版社@d2017.03
215    @a205页@c图@d23cm
225 2  @a指文MOOK系列@Azhi wen MOOKxi lie
330    @a本书讲述了“德国海军对航空母舰的早期探索”、“水兵的坟墓没有鲜花: 纳粹德国的‘齐柏林伯爵’号航母”、“无根之翼: 纳粹德国的舰载机项目”、“法西斯意大利早期航母计划”等。
410  0 @12001 @a指文MOOK系列
517 1  @a德意法西斯航母@Ade yi fa xi si hang mu
606 0  @a海战@Ahai zhan@x战争史@y世界@j通俗读物
690    @aE19-49@v5
701  0 @a马静@Ama jing@4著
702  0 @a董旻杰@Adong min jie@4主编
712 02 @a指文号角工作室@Azhi wen hao jiao gong zuo shi@4主编
712 02 @a中国海军史研究会@Azhong guo hai jun shi yan jiu hui@4主编
801  0 @aCN@bBJXHZP@c20230228
905    @b1395836-9@dE19-49@e132:7@f4
    
    海战事典.007.德意法西斯航母/著马静/主编董旻杰, 指文号角工作室, 中国海军史研究会.-北京:台海出版社,2017.03
    205页:图;23cm.-(指文MOOK系列)
    
    
    ISBN 978-7-5168-1293-8:CNY69.8
    本书讲述了“德国海军对航空母舰的早期探索”、“水兵的坟墓没有鲜花: 纳粹德国的‘齐柏林伯爵’号航母”、“无根之翼: 纳粹德国的舰载机项目”、“法西斯意大利早期航母计划”等。
●
相关链接 在E读中查询图书 在五车中查询图书 在当当中查询图书 在豆瓣中查询图书


正题名:海战事典     索取号:E19-49/132:7         预约/预借

序号 登录号 条形码 馆藏地/架位号 状态 备注
1 1395836   213958369   第一样本阅览室/ [索取号:E19-49/132:7] 在馆    
2 1395837   213958378   第一借阅区/ [索取号:E19-49/132:7] 在馆    
3 1395838   213958387   第一借阅区/ [索取号:E19-49/132:7] 在馆    
4 1395839   213958396   第一借阅区/ [索取号:E19-49/132:7] 在馆    
唐山师范学院图书馆 欢迎您!
大连网信软件有限公司© 版权所有